00753nam a2200181 a 450000100100000000500170001000800410002702000180006804000250008608200150011124500950012626000930022130000320031449000430034683000520038995201130044199900170055400004451820201002045430.0140704s2010 bl a 000 0 spa d a9788573656923 aDO-SdBNPbspacBNPHU axxxxbxxxx00aSepé Tiaraju :bherói guarani, missioneiro, rio-grandense e agora, herói brasileiro. aBrasília :bCentro de Documentaçâo e Informaçâo : Ediçôes Câmara,c2010. a51 p. :bil. ;c21 x 27 cm.1 aObras comemorativasapersonalidadesv1 0aObras comemorativasppersonalidades ;v1972540 001050718MOaGRbGRcCTd2014-07-04iLF1l0oxxxx xxxxp44518-10r2020-06-25w2020-06-25y1ZNo se presta c44007d44007